[Event "Novak Nikolic Memorial 2nd"]
[Site "Belgrade"]
[Date "2000.02.04"]
[Round "2"]
[White "Velimirovic, Dragoljub"]
[Black "Damljanovic, Branko"]
[Result "0-1"]
[WhiteElo "2558"]
[BlackElo "2534"]
[Annotator "Gofshtein,L"]
[PlyCount "66"]
[EventDate "2000.02.02"]
[EventType "tourn"]
[EventRounds "11"]
[EventCountry "YUG"]
[EventCategory "11"]
[Source "ChessBase"]
[SourceDate "2000.05.31"]
[WhiteTeamCountry "YUG"]
[BlackTeamCountry "RUS"]

1. e4 c5 2. Nf3 Nc6 3. d4 cxd4 4. Nxd4 Nf6 5. Nc3 d6 6. Bc4 Qb6 7. Nb3 e6 8.
Qe2 {It is intresting  move preparing long castle and attacking break e4-e5} a6
9. f4 Qc7 {another possibility 9...Be7} (9... Be7 10. Be3 (10. Bd3 e5 11. f5
Nb4 12. Be3 Qc7 13. a3 Nxd3+ 14. Qxd3 h6 15. O-O-O b5 16. g4 Bb7 $13 {
1/2-1/2 Velimirovic,D-Vukovic,Z/Cetinje 1990/EXT 97 (44)}) 10... Qc7 11. O-O-O
Nb4 12. Bd3 e5 13. f5 b5 14. g4 Nxd3+ 15. Qxd3 b4 16. Nd5 Nxd5 17. exd5 a5 $132
{1-0 Ilincic,Z-Vukovic,Z/Cetinje 1990/EXT 97 (63)}) 10. g4 $5 {
In agressive style of Velimirovic.} (10. Bd3 Be7 11. Be3 b5 12. O-O-O O-O (
12... Nd7 13. g4 Nc5 14. Nxc5 dxc5 15. e5 Bb7 16. Be4 O-O 17. Qf2 $14 (17. g5
b4 $1 $132 {0-1 Wedberg,T-Kozul,Z/Novi Sad 1990/TD/ (41)}) 17... Na5 18. Bxb7
Nxb7 19. Ne4 c4 20. g5 $40) 13. Kb1 Nb4 14. Rc1 e5 15. Rhf1 (15. Rhg1 Be6 $132
{1-0 Kuczynski,R-Kozul,Z/Novi Sad 1990/TD (35)} (15... exf4 $5 16. Bxf4 Be6 $11
)) (15. a3 Nxd3 16. cxd3 Qd8 17. d4 exf4 18. Bxf4 d5 {
1/2-1/2 Hernandez,G-Masculo,J/Sao Paulo 1991/EXT 97 (18)}) 15... Be6 (15...
exf4 16. Rxf4 Be6 $132) 16. f5 Bc4 17. g4 d5 18. exd5 e4 19. Bxc4 Qxc4 20. Qxc4
bxc4 21. Nd2 Nfxd5 $132 {1-0 Ivanovic,B-Kozul,Z/Cetinje 1990/EXT 97 (41)}) (10.
a4 Be7 11. O-O O-O 12. a5 Nb4 13. Be3 Nd7 14. Na4 Nf6 (14... d5 15. Bd3 Nxd3 (
15... dxe4 16. Bxe4 $14) 16. cxd3 $14) 15. Nb6 Rb8 16. c3 Nc6 17. Bd3 $14 {
1-0 Romanishin,O-Gulko,B/Leningrad 1974/URS-ch (61)}) 10... b5 11. Bd3 Be7 12.
g5 Nd7 13. Be3 Nc5 (13... b4 14. Nd1 $132) (13... Bb7 14. a3 Nc5 $11) 14. Rg1 (
14. Nxc5 dxc5 15. Qf2 c4 16. Be2 Bb4 $132) 14... Rb8 (14... Bb7 $132) (14...
Nxd3+ 15. cxd3 Bb7 16. Rc1 Rc8 $11) 15. Nxc5 dxc5 16. e5 (16. Qf2 c4 17. Bf1
Qa5 18. Bg2 b4 19. Ne2 e5 $15) 16... Bb7 17. O-O-O Nb4 18. Bf2 (18. Be4 $2
Nxa2+ $1) 18... Nxd3+ (18... Qa5 19. Kb1 (19. a3 Nxd3+ 20. Qxd3 Rd8 21. Qe2 O-O
22. Ne4 Bxe4 23. Qxe4 b4 $17) 19... Nxd3 20. Qxd3 Rd8 21. Qe2 O-O 22. Ne4 Bd5
23. b3 Bxe4 24. Qxe4 c4 25. Bd4 $11) 19. Rxd3 {Par of Black Bishops are
present on the board temporary: after Ne4 Black will change  Bb7 on the N} c4
20. Rdd1 b4 21. Ne4 Bxe4 {Necessary} (21... c3 $2 22. Nd6+ Bxd6 23. exd6 cxb2+
24. Kxb2 $1 (24. Kb1 Qa5 25. Qe5 Bd5 26. Qxb2 O-O 27. Rge1 (27. Bd4 b3 28. Ka1
(28. axb3 Rxb3 29. cxb3 Be4+ $19) 28... bxa2 $19) 27... Rbd8 28. Bd4 Rxd6 29.
Bxg7 Qxa2+ 30. Qxa2 Bxa2+ 31. Kxa2 Rxd1 32. Rxd1 Kxg7 33. Kb3 a5 34. Ra1 Ra8
$17) 24... Qc3+ 25. Kb1 Bf3 (25... O-O 26. Bd4 Qa3 27. Qe5 $18) (25... Rd8 26.
Bd4 Qf3 27. Qe5 $16) 26. d7+ Kd8 (26... Ke7 27. Qxa6 Bxd1 28. Rxd1 Qc7 29. Bd4
Rhd8 30. Be5 $18) 27. Qxa6 Bxd1 28. Bb6+ Rxb6 29. Qxb6+ Qc7 30. Qxc7+ Kxc7 31.
Rxd1 Rd8 32. Kb2 $18) 22. Qxe4 b3 {
Black open White K, but there are no enough resources of attack} (22... c3 23.
b3 (23. Bd4 Rd8 24. Rd3 cxb2+ 25. Bxb2 Rxd3 26. Qxd3 Qb6 27. Rd1 O-O $15) 23...
Qa5 (23... O-O 24. Be3 Rbd8 25. Kb1 $11)) 23. axb3 cxb3 24. Rg3 $1 (24. c3 O-O
$15) 24... O-O (24... bxc2 25. Qxc2 Qxc2+ 26. Kxc2 $11) 25. Rc3 Qa5 26. cxb3
Bb4 27. Rc4 Qa2 $2 $16 {Wrong piece sacrifice, maybe because of time pressure.}
(27... Rfd8 28. Rxd8+ Rxd8 29. Rd4 $11 (29. Kb1 $11)) 28. Rxb4 Rfc8+ 29. Rc4
Qxb3 30. Rxc8+ Rxc8+ 31. Kd2 Rd8+ 32. Bd4 Qxb2+ 33. Ke1 Qb4+ $2 {time} (33...
Qb4+ 34. Kf2 $18 {Dramatic duel!}) (33... Qxh2 34. Bf2 Rxd1+ 35. Kxd1 h6 36.
Be3 hxg5 37. fxg5 $16) 0-1

[Event "Novak Nikolic Memorial 2nd"]
[Site "Belgrade"]
[Date "2000.02.05"]
[Round "3"]
[White "Popchev, Milko"]
[Black "Velimirovic, Dragoljub"]
[Result "1/2-1/2"]
[WhiteElo "2510"]
[BlackElo "2558"]
[PlyCount "33"]
[EventDate "2000.02.02"]
[EventType "tourn"]
[EventRounds "11"]
[EventCountry "YUG"]
[EventCategory "11"]
[Source "ChessBase"]
[SourceDate "2000.05.31"]
[WhiteTeamCountry "YUG"]
[BlackTeamCountry "RUS"]

1. d4 Nf6 2. g3 g6 3. Bg2 Bg7 4. e4 d6 5. Nc3 O-O 6. Nge2 Nc6 7. O-O e5 8. dxe5
dxe5 9. Bg5 Nd4 10. Nxd4 exd4 11. Nd5 Be6 12. e5 Bxd5 13. exf6 Re8 14. Qxd4
Bxg2 15. Qxd8 Raxd8 16. Kxg2 h6 17. Be3 1/2-1/2

[Event "Novak Nikolic Memorial 2nd"]
[Site "Belgrade"]
[Date "2000.02.06"]
[Round "4"]
[White "Velimirovic, Dragoljub"]
[Black "Kovacevic, Aleksandar"]
[Result "1/2-1/2"]
[WhiteElo "2558"]
[BlackElo "2462"]
[PlyCount "22"]
[EventDate "2000.02.02"]
[EventType "tourn"]
[EventRounds "11"]
[EventCountry "YUG"]
[EventCategory "11"]
[Source "ChessBase"]
[SourceDate "2000.05.31"]
[WhiteTeamCountry "YUG"]
[BlackTeamCountry "RUS"]

1. e4 c5 2. Nf3 d6 3. d4 cxd4 4. Nxd4 Nf6 5. Nc3 g6 6. Be3 Bg7 7. f3 Nc6 8. Qd2
O-O 9. Bc4 Bd7 10. O-O-O Na5 11. Bb3 Nxb3+ 1/2-1/2

[Event "Novak Nikolic Memorial 2nd"]
[Site "Belgrade"]
[Date "2000.02.07"]
[Round "5"]
[White "Pikula, Dejan"]
[Black "Velimirovic, Dragoljub"]
[Result "1-0"]
[WhiteElo "2476"]
[BlackElo "2558"]
[Annotator "Rogozenco,D"]
[PlyCount "55"]
[EventDate "2000.02.02"]
[EventType "tourn"]
[EventRounds "11"]
[EventCountry "YUG"]
[EventCategory "11"]
[Source "ChessBase"]
[SourceDate "2000.05.31"]
[WhiteTeamCountry "YUG"]
[BlackTeamCountry "RUS"]

1. e4 {Schulz,A} c5 2. Nf3 d6 3. d4 cxd4 4. Nxd4 Nf6 5. Nc3 g6 6. Be3 Bg7 7. f3
Nc6 8. Qd2 O-O 9. Bc4 Bd7 10. O-O-O Qa5 {
Schulz,A: 'Dieser ältere Zug ist wieder in Mode.'} (10... Rc8 {Schulz,A} 11.
Bb3 (11. h4 $4 Nxd4 12. Qxd4 Ng4 13. Qd3 Nxe3 $19) 11... Ne5 12. h4 (12. Kb1 $5
) 12... h5 13. Bg5 Rc5 {
ist scharf und ungeklärt. Am besten für Weiß ist wohl nun} 14. Kb1 -- {und dann
} 15. g4) 11. Bb3 Rfc8 12. h4 Ne5 {Always being one of the main directions in
the Dragon this line seems to be just bad for Black. With a forced play White
gets a big advantage.} ({Im Gegensatz zu der Variante 10...Tc8 ist} 12... h5 {
Schulz,A hier nicht beliebt. Schwarz hat den f-Turm von der Verteidigung des
Punktes f7 abgezogen, daher ist der Blockadezug h7-h5 hier zu kompromitierend.}
) 13. h5 $1 Nxh5 14. Nd5 $1 {Schulz,A: 'Eine unterschätzte Variante, mit der
Weiß gefahrlos auf Gewinn spielen kann.'} ({Forcierte Varianten entstehen nach
} 14. g4 {Schulz,A}) ({oder} 14. Bh6 {Schulz,A}) 14... Qxd2+ 15. Rxd2 Kf8 16.
g4 Nf6 (16... Bxg4 17. fxg4 Nxg4 18. Bg5 Ngf6 19. Bxf6 Nxf6 20. Nxf6 exf6 21.
Rxh7 $18 {1-0 Szalanczy,E-Schneider,A/Budapest 1990}) 17. Rdh2 $1 {
This is the most precise move order. Now Black is in big troubles.} (17. Nxf6
Bxf6 18. Rxh7 Kg8 19. Rh1 a5 $1 20. a3 $13 {Glek,I-Hodgson,J/Germany 1995})
17... Bxg4 {'N?' Schulz,A.  This loses, but other moves don't help either.
White has a big advantage after all continuations: Schulz,A: 'Die Idee ist,
zwei bis drei Bauern für die Figur zu bekommen, was sich in dieser Struktur
sehr gut spielen ließe. Aber die ganze Idee funktioniert hier aus taktischen
Gründen nicht.'} (17... Nc4 18. Bh6 $1 {
This is the idea. White doesn't take on f6 or c4 but swaps the Bishops instead.
} (18. Bxc4 Rxc4 19. Nxf6 Bxf6 20. Rxh7 Rac8 21. c3 b5 22. Nc2 a5 23. Bd4 Bxd4
24. Nxd4 e5 25. Nc2 Be6 $132 {Nataf,I-Ward,C/London 1994}) 18... Nxd5 19. Bxg7+
Kxg7 20. Rxh7+ Kf6 21. exd5 $16 b5 22. g5+ Ke5 23. Rd1 Rf8 24. Rh4 $18) (17...
Nexg4 18. fxg4 Nxg4 19. Rxh7 (19. Rd2 $2 e6) 19... Nxe3 20. Nxe3 Bxd4 21. Rxf7+
Ke8 {White has a very strong initiative.} 22. Kd2 $5 Bxb2 (22... Bc6 23. Be6
Rc7 (23... Bd7 24. Nd5 $1 $18) 24. Rfh7 Kd8 25. Nd5 $18) 23. Rhh7 Bf6 $16 24.
Rxf6 $5 exf6 25. Rh8+ Ke7 26. Nd5+ Ke6 27. Rh7 Ke5 28. Rxd7 Kxe4 29. Re7+ Kf3 (
29... Kf5 30. Nc7) 30. Nxf6 $16) (17... e6 18. Nxf6 Bxf6 19. Rxh7 Nd3+ {
'~~' Schulz,A.  Schulz,A: 'Nunn (NCO)'} (19... a5 $13 {Schulz,A Nunn (NCO)})
20. Kb1 Nc5 21. g5 Bg7 22. Nf5 $3 {a very nice blow, preparing Rxg7 and Bd4.}
gxf5 (22... exf5 23. Rxg7 $18) 23. exf5 exf5 24. Rxg7 Kxg7 25. Bd4+ Kg6 26. f4
Rh8 27. Bxh8 Rxh8 28. Rxh8 Nxb3 29. axb3 d5 30. Rh6+ Kg7 31. Kc1 {
Daumen,M-Repplinger,M/Montabaur 1997}) (17... Nxd5 18. Bxd5 Rc7 {in my opinion
the best defence. White has a clear advantage thanks to the pressure on the
h-file, but at least there is not a forced win for White.} (18... Nc6 19. Nxc6
bxc6 20. Bc4 h6 21. Bxh6 Bxh6+ 22. Rxh6 e6 23. f4 Ke7 24. e5 $16 {Schulz,A: '1-
0 Nunn,J-Ward,C/Hastings 1998/CBM 63 (36)' Nunn,J-Ward,C/Hastings 1998}) 19.
Bh6 (19. Rxh7 $142 Kg8 $14 {/+/-.}) 19... Bxh6+ 20. Rxh6 e6 21. Rxh7 (21. Bb3 {
Schulz,A} a5 22. Rxh7 Rac8 23. a3 b5 24. g5 $14 {
1-0 Olafsson,F-Hort,V/Reykjavik 1972/EXT 99 (47)}) 21... Ke7 22. Bb3 Rg8 23.
Kb1 Rc5 24. Rg1 g5 25. Rgh1 Ng6 26. Nf5+ Kd8 27. Nxd6 Kc7 28. Nxf7 Nf4 29. Rd1
{1-0 Balogh,C-Martyn,R/Murek 1998}) 18. Nxf6 Bxf6 19. fxg4 (19. Rxh7 $2 Bh5)
19... Nxg4 20. Rxh7 {'+-!' Schulz,A.  Schulz,A: 'Erzwungen und gut.'} Nxe3 (
20... e6 21. Rxf7+ Kxf7 22. Bxe6+ Kg7 (22... Kf8 {Schulz,A} 23. Bxg4 $18) 23.
Bxg4 Rh8 24. Rg1 $18) (20... Bg7 {Schulz,A} 21. Bg5 $18) 21. Rxf7+ Ke8 22. Rhh7
$18 Bxd4 {'?' Schulz,A.} (22... a6 23. e5 (23. Ne6 $18 {Schulz,A}) 23... dxe5
24. Ba4+ b5 25. Nxb5 axb5 26. Bxb5+ Kd8 27. Rf8+ Kc7 28. Rxf6 $18) (22... -- {
Schulz,A} 23. Ba4+ $140 Kd8 24. Ne6#) 23. Rxe7+ Kd8 24. Rd7+ Ke8 25. Rhe7+ Kf8
26. Rf7+ Ke8 27. Rde7+ Kd8 28. Rxb7 (28. Rxb7 {Schulz,A} Ke8 29. Ba4+ $18) 1-0

[Event "Novak Nikolic Memorial 2nd"]
[Site "Belgrade"]
[Date "2000.02.08"]
[Round "6"]
[White "Solak, Dragan"]
[Black "Velimirovic, Dragoljub"]
[Result "1/2-1/2"]
[WhiteElo "2515"]
[BlackElo "2558"]
[Annotator "Finkel,A"]
[PlyCount "105"]
[EventDate "2000.02.02"]
[EventType "tourn"]
[EventRounds "11"]
[EventCountry "YUG"]
[EventCategory "11"]
[Source "ChessBase"]
[SourceDate "2000.05.31"]
[WhiteTeamCountry "YUG"]
[BlackTeamCountry "RUS"]

1. e4 d6 2. d4 Nf6 3. Nc3 g6 4. Nf3 Bg7 5. Be2 O-O 6. O-O c5 $5 7. dxc5 dxc5 8.
Bf4 {Nothing special promises also 8.Q:d8,but on my opinion this continuation
should be prefured:} (8. Qxd8 Rxd8 9. Be3 b6 10. Rfd1 Nc6 11. Rxd8+ Nxd8 12.
Rd1 Bb7 13. e5 (13. Nd2 Ne6 14. f3 (14. e5 Nd7 15. f4 g5 16. fxg5 $6 Nxe5 17.
Nb3 a5 $36 {Andersson,U-Kramnik,V/Amber-rapid6th 1997}) 14... Rd8 15. Kf2 Nd7
16. Nb3 Bxc3 17. bxc3 Nb8 18. Rb1 Ba6 $13 {
Bareev,E-Anand,V/Paris Immopar rapid 1992}) 13... Ng4 14. Bg5 Nxe5 15. Nxe5
Bxe5 {1/2-1/2 Pavasovic,D-Mohr,G/Maribor 1996}) 8... Nc6 (8... Nh5 9. Be5 Nc6
10. Bxg7 Kxg7 11. Qc1 Qd6 12. Qe3 Nd4 13. Nb5 Nxb5 14. Bxb5 e5 15. Qc3 $14 {
Righi,E-Biosvert,J/Erevan olm 1996}) 9. h3 b6 ({
Interesting idea was tried in the following game:} 9... Nd4 10. Bc4 Be6 11.
Bxe6 fxe6 $5 12. Bg5 Qb6 13. e5 Nd7 14. Nxd4 cxd4 15. Na4 Qc6 $132 {
Volkmann,F-Loebler,H/AUT-chT9495}) 10. e5 Nd7 $6 {
This move is inaccuracy,fully passing the initiative into white's hands} (10...
Qxd1 $1 11. Raxd1 Nd7 12. Bb5 (12. Nd5 e6 13. Nc7 Rb8 14. Nb5 a5 (14... Ncxe5
15. Nxe5 Nxe5 16. Nxa7 Bb7 17. Nb5 $11) 15. Rd6 Ndxe5 16. Nxe5 Nxe5 17. Rfd1
Ba6 18. a4 Rfe8 $13) 12... Ndxe5 13. Nxe5 Nxe5 14. Rfe1 f6 15. Nd5 $44) 11. Qd5
Bb7 ({Doen't equalize} 11... Ndxe5 12. Nxe5 Qxd5 13. Nxd5 Nxe5 14. Nxe7+ Kh8
15. Nxc8 Raxc8 16. Rad1 $14 {
and the pair of bishops promises white better prospects.}) 12. Rad1 Ndb8 13.
Qe4 (13. Bg5 $6 Qc8 14. Qc4 Nxe5 (14... Ba6 $5) 15. Nxe5 Bxe5 16. Bxe7 Re8 17.
Bd6 Bd4 $132) 13... Qc8 14. Qe3 Nb4 15. Qc1 (15. a3 Nxc2 16. Qd3 Nd4 17. Nxd4
cxd4 18. Qxd4 Nc6 19. Qe3 $14) 15... N8c6 16. a3 Na6 17. Nd5 Kh8 18. Bc4 (18.
Bh6 Rd8 19. Bxg7+ Kxg7 20. Qg5 $5 h6 (20... Nd4 $2 21. Nxd4 Bxd5 (21... Rxd5
22. Bg4 $40) 22. Bxa6 Qxa6 23. Nf5+ $18) 21. Qg3 Nd4 22. Nxd4 cxd4 23. c4 dxc3
24. Nxc3 Qe6 25. f4 $14) 18... Na5 19. Ba2 (19. Nxe7 $6 Qe8 20. Bxa6 Bxa6 21.
Nd5 Bxf1 22. Kxf1 Rb8 $15) 19... c4 20. b4 cxb3 21. cxb3 Qxc1 22. Bxc1 e6 23.
Nf6 Bxf3 (23... Nc6 24. Bb2 Rfd8 25. b4 $14) 24. gxf3 Nc6 25. Bb2 Rac8 26. b4
$14 Nc7 27. Rd7 Nb8 28. Rd2 $6 {So far white was playing accurately,keeping
the minimal advantage that they got after mistake of black on 10th move,but
his last move is inaccuracy permitting black to equalize.} (28. Rd3 $5) 28...
Nb5 29. Bb3 Bh6 30. Rd3 Rfd8 31. Rfd1 Rxd3 32. Rxd3 Bc1 $11 33. Bxc1 Rxc1+ 34.
Kg2 Nc6 35. Ba4 (35. f4 Nbd4 36. Bd1) 35... a6 (35... Nbd4) 36. f4 Kg7 37. Rd7
({The last chanse to fight for a win was} 37. Nd7 $5 Rc4 38. Nxb6 (38. Kg3 Rd4
39. Bxb5 axb5 40. Rxd4 Nxd4 41. Nxb6 Nc2 $11) 38... Rxf4 39. Nd7 Rd4 40. Rxd4
Ncxd4 41. Nc5 Nxa3 42. Nxa6 $14 {keeping the symbolical advantage.}) 37... g5
$1 $132 (37... Nxa3 $2 38. Bb3 $1 Nc4 39. Rc7 Nd6 40. Bxe6 $16) 38. Bxb5 axb5
39. fxg5 Nxe5 40. Rb7 Nc4 41. Rb8 Kg6 42. h4 Rc2 43. Kg3 Kf5 44. Ng4 (44. Nxh7
Rc3+ 45. f3 Ne5 46. Rxb6 Rxf3+ 47. Kg2 Rxa3 48. Rxb5 Kf4 $132) 44... Rc3+ 45.
f3 Nd2 46. Nh6+ Kg6 47. Kg4 f5+ 48. gxf6 Nxf3 49. f7 Ne5+ 50. Kf4 Nxf7 51. Nxf7
Kxf7 52. Rxb6 Rxa3 53. Rxb5 1/2-1/2

[Event "Novak Nikolic Memorial 2nd"]
[Site "Belgrade"]
[Date "2000.02.09"]
[Round "7"]
[White "Velimirovic, Dragoljub"]
[Black "Martinovic, Slobodan"]
[Result "0-1"]
[WhiteElo "2558"]
[BlackElo "2448"]
[PlyCount "86"]
[EventDate "2000.02.02"]
[EventType "tourn"]
[EventRounds "11"]
[EventCountry "YUG"]
[EventCategory "11"]
[Source "ChessBase"]
[SourceDate "2000.05.31"]
[WhiteTeamCountry "YUG"]
[BlackTeamCountry "RUS"]

1. e4 c5 2. Nf3 e6 3. d4 cxd4 4. Nxd4 a6 5. c4 Nf6 6. Nc3 Bb4 7. Bd3 Qc7 8. Bg5
Bxc3+ 9. bxc3 d6 10. Bxf6 gxf6 11. Qg4 Qa5 12. Ne2 Qg5 13. Qh3 h5 14. f4 Qc5
15. g4 Nc6 16. Qh4 Rh6 17. Rg1 Bd7 18. g5 Rg6 19. Qxh5 O-O-O 20. h4 Rdg8 21.
Rd1 R6g7 22. Qf3 e5 23. fxe5 Qxe5 24. Bc2 Be6 25. Rd5 Bxd5 26. cxd5 Ne7 27.
Qg4+ Kc7 28. Rf1 fxg5 29. h5 Rh8 30. Kd2 f5 31. exf5 Nxd5 32. Qc4+ Kb8 33. Qd4
Nf6 34. Qxe5 dxe5 35. Ng3 Rd7+ 36. Ke2 Nxh5 37. Nxh5 Rxh5 38. Bb3 Rh4 39. f6
Re4+ 40. Kf3 Rf4+ 41. Ke2 Rxf1 42. Kxf1 Rd6 43. f7 Rf6+ 0-1

[Event "Novak Nikolic Memorial 2nd"]
[Site "Belgrade"]
[Date "2000.02.10"]
[Round "8"]
[White "Shcherbakov, Ruslan"]
[Black "Velimirovic, Dragoljub"]
[Result "1/2-1/2"]
[WhiteElo "2552"]
[BlackElo "2558"]
[PlyCount "112"]
[EventDate "2000.02.02"]
[EventType "tourn"]
[EventRounds "11"]
[EventCountry "YUG"]
[EventCategory "11"]
[Source "ChessBase"]
[SourceDate "2000.05.31"]
[WhiteTeamCountry "YUG"]
[BlackTeamCountry "RUS"]

1. d4 Nf6 2. c4 c5 3. d5 g6 4. Nc3 Bg7 5. g3 O-O 6. Bg2 d6 7. Nf3 e6 8. O-O
exd5 9. cxd5 a6 10. a4 Nbd7 11. h3 Re8 12. Bf4 Nh5 13. Bg5 Qb6 14. Qc2 Ne5 15.
Kh2 h6 16. a5 Qc7 17. Bd2 Bd7 18. Na4 Bb5 19. Nb6 Bxe2 20. Nxa8 Rxa8 21. Nxe5
Bxf1 22. Bxf1 Bxe5 23. Bxh6 Nf6 24. Bc4 Bd4 25. Kg2 Re8 26. Bd2 Re4 27. Re1 Qe7
28. Kf1 Rxe1+ 29. Bxe1 Qe5 30. b4 cxb4 31. Bxb4 Nxd5 32. Be1 Ne7 33. Qb3 d5 34.
Be2 Qc7 35. Bf3 Qd7 36. Kg2 Bc5 37. Bd2 Qc6 38. h4 Kf8 39. Qb2 Ke8 40. Bg5 Kd7
41. g4 b5 42. axb6 Qxb6 43. Qa2 f6 44. Bf4 Qb4 45. Bd2 Qc4 46. Qxc4 dxc4 47.
Be2 f5 48. g5 Nc6 49. Bxc4 a5 50. Bb5 Kd6 51. Ba4 Bd4 52. f4 Ne7 53. Bxa5 Nd5
54. Kf3 Ke7 55. Bd2 Nc7 56. Bb4+ Kf7 1/2-1/2

[Event "Novak Nikolic Memorial 2nd"]
[Site "Belgrade"]
[Date "2000.02.11"]
[Round "9"]
[White "Velimirovic, Dragoljub"]
[Black "Vuckovic, Bojan"]
[Result "1-0"]
[WhiteElo "2558"]
[BlackElo "2427"]
[Annotator "Kortschnoj"]
[PlyCount "49"]
[EventDate "2000.02.02"]
[EventType "tourn"]
[EventRounds "11"]
[EventCountry "YUG"]
[EventCategory "11"]
[Source "ChessBase"]
[SourceDate "2000.05.31"]
[WhiteTeamCountry "YUG"]
[BlackTeamCountry "RUS"]

1. e4 {Ftacnik} c5 2. Nf3 d6 3. d4 cxd4 4. Nxd4 Nf6 5. Nc3 Nc6 6. Bc4 e6 7. Be3
Be7 8. Bb3 O-O 9. Qe2 {
A speciality of Velimirovic - he was one of inventors of this line.} a6 10.
O-O-O Qe8 {The move was considered one of the best replies for black. This
game will, perhaps, change this assessment.} 11. Rhg1 Nd7 12. g4 Nc5 13. g5 Bd7
{The best. In a number of games white after 13...b5 14.Nxc6 Qxc6 15.Qh5
achieved a strong attack..} 14. f4 {This is stronger than} (14. Qh5 {what after
} Nxd4 15. Bxd4 Nxb3+ 16. axb3 f5 {could lead to an approximate equilibrium.})
14... b5 15. f5 b4 (15... Nxd4 {Ftacnik} 16. Bxd4 Nxb3+ 17. axb3 exf5 18. Nd5
Bd8 19. Nf6+ $1 Bxf6 20. gxf6 g6 21. Qh5 Kh8 22. Rxg6 $1 $18) 16. f6 $1 bxc3
17. Qh5 $1 {Certainly not to release a tension on the king side by 17.fe? or
17.fg? Ftacnik: 'The power of white f6 pawn is overwhelming, it shuts off all
black pieces from the defense of their own ruler.'} (17. fxe7 {Ftacnik} cxb2+
18. Kxb2 Qxe7 $19) 17... cxb2+ {
Black misses a chance to simplify the position by} (17... Nxd4 18. Bxd4 Nxb3+
19. axb3 e5 20. Bxc3 a5 $13) 18. Kxb2 Nxe4 (18... Bd8 {Ftacnik} 19. Rg4 $1 Nxd4
20. Bxd4 Nxb3 21. cxb3 e5 22. Rh4 h6 23. fxg7 Bxg5 24. gxf8=Q+ Kxf8 25. Bc3 $16
) 19. Rdf1 $1 (19. fxe7 {Ftacnik} Nxe7 20. Rg4 f5 $19) 19... Qd8 (19... Nc5 {
Ftacnik} 20. Rg4 Nxd4 21. Rh4 h6 22. fxg7 $18) (19... Nxf6 {Ftacnik} 20. gxf6
Bxf6 21. Rxf6 $16) (19... Nxd4 {Ftacnik} 20. Bxd4 Bb5 21. Rf4 d5 22. Rh4 $18)
20. fxg7 ({It seems} 20. Nxc6 Bxc6 21. Bd4 {was more exact. In case of} Nd2 {
white would win by} 22. g6 $1) (20. fxe7 {Ftacnik} Qxe7 21. Rf4 g6 22. Qh6 d5
$19) 20... Qa5 $1 {This move was surely a surprise to white!} (20... Kxg7 {
Ftacnik} 21. g6 $1 fxg6 22. Rxg6+ Kh8 (22... hxg6 23. Nxe6+ Bxe6 24. Qh6+ Kg8
25. Bxe6+ $18) 23. Rh6 $18) 21. Nxc6 Bxc6 $4 {'?' Ftacnik.  Black, presumably
in a severe time trouble, abstains from an intermediary Ftacnik: 'This
inaccuracy makes the life for white easier, black will be helpless against
attack.'} (21... Qc3+ $1 {Perhaps in the variation} 22. Kb1 Bxc6 23. g6 (23.
gxf8=Q+ {Ftacnik} Rxf8 24. Bc1 $16) 23... fxg6 24. Bxe6+ $2 (24. gxf8=Q+ Rxf8 (
24... Bxf8 25. Rxg6+ Bg7 26. Rxg7+ Qxg7 27. Bxe6+ $16) 25. Rxg6+ Kh8 26. Rxf8+
Bxf8 27. Bxe6 (27. Bc1 Bg7 28. Rxg7 Qxg7 $11) 27... Qe1+ 28. Bc1 Nc3+ 29. Kb2
Na4+ $11) 24... Kxg7 25. Rxg6+ {he has not seen the winning move} Kh8 $1) 22.
Bd4 $18 Qd2 23. gxf8=Q+ Rxf8 24. Rd1 Qa5 25. Qh6 1-0

[Event "Novak Nikolic Memorial 2nd"]
[Site "Belgrade"]
[Date "2000.02.12"]
[Round "10"]
[White "Govedarica, Radovan"]
[Black "Velimirovic, Dragoljub"]
[Result "1-0"]
[WhiteElo "2483"]
[BlackElo "2558"]
[PlyCount "89"]
[EventDate "2000.02.02"]
[EventType "tourn"]
[EventRounds "11"]
[EventCountry "YUG"]
[EventCategory "11"]
[Source "ChessBase"]
[SourceDate "2000.05.31"]
[WhiteTeamCountry "YUG"]
[BlackTeamCountry "RUS"]

1. e4 c5 2. c3 Nf6 3. e5 Nd5 4. d4 cxd4 5. Qxd4 e6 6. Nf3 Nc6 7. Qe4 f5 8. exf6
Nxf6 9. Qh4 d5 10. Bd3 e5 11. Bg6+ hxg6 12. Qxh8 e4 13. Nd4 Nh5 14. O-O Nxd4
15. cxd4 Qf6 16. Be3 Bf5 17. Rc1 Bd7 18. Nc3 Qe6 19. Ne2 Bc6 20. Nf4 Qf5 21.
Ne2 O-O-O 22. Ng3 Qf7 23. Nxh5 gxh5 24. Qh7 Bd6 25. f3 exf3 26. Rf1 Qc7 27.
Rxf3 Bxh2+ 28. Kh1 Bd6 29. Qxh5 Kb8 30. Qh4 a6 31. Bf4 Ka7 32. Rc1 Qb6 33. Rb3
Qc7 34. Rf3 Qb6 35. Qf2 Bxf4 36. Rxf4 Rh8+ 37. Kg1 Re8 38. Qc2 Qd8 39. Qc5+ Ka8
40. Rcf1 Bb5 41. R1f3 Re1+ 42. Kh2 Qh8+ 43. Kg3 Qb8 44. Qxb5 g5 45. Kf2 1-0